000 00416cam a2200157ua 4500
041 _amal
_h
082 _a894.812 308
_bSUB/AA
100 _aSubhadra , Parameswaran .
245 _aAayirathonnu Ravukal Part II /
_cSubhadra Parameswaran.
_hTextual Documents
250 _a1 /
_b.
260 _aErnakulam :
_bC I C C Book House ,
_c1966.
300 _a124 ; .
504 _a
942 _cBK
999 _c3830
_d3830